<?xml version="1.0" encoding="UTF-8"?>
<record
    xmlns:xsi="http://www.w3.org/2001/XMLSchema-instance"
    xsi:schemaLocation="http://www.loc.gov/MARC21/slim http://www.loc.gov/standards/marcxml/schema/MARC21slim.xsd"
    xmlns="http://www.loc.gov/MARC21/slim">

  <leader>00850nam a22001697a 4500</leader>
  <datafield tag="952" ind1=" " ind2=" ">
    <subfield code="0">0</subfield>
    <subfield code="1">0</subfield>
    <subfield code="2">lcc</subfield>
    <subfield code="4">0</subfield>
    <subfield code="7">0</subfield>
    <subfield code="a">22</subfield>
    <subfield code="b">22</subfield>
    <subfield code="d">2015-06-04</subfield>
    <subfield code="l">1</subfield>
    <subfield code="o">T HQ772 P37 2014</subfield>
    <subfield code="p">11 011779</subfield>
    <subfield code="r">2020-02-11</subfield>
    <subfield code="s">2020-02-11</subfield>
    <subfield code="t">1</subfield>
    <subfield code="w">2015-06-04</subfield>
    <subfield code="y">LB</subfield>
  </datafield>
  <datafield tag="999" ind1=" " ind2=" ">
    <subfield code="c">96548</subfield>
    <subfield code="d">96548</subfield>
  </datafield>
  <controlfield tag="008">150521b2014    mx  |||| |||| 00| 0 spa d</controlfield>
  <datafield tag="050" ind1=" " ind2=" ">
    <subfield code="a">T HQ772 </subfield>
    <subfield code="b">P37 2014</subfield>
  </datafield>
  <datafield tag="100" ind1=" " ind2=" ">
    <subfield code="a">Parra Ram&#xED;rez, Carlos Antonio Nezahualcoyotl </subfield>
    <subfield code="e">sustentante </subfield>
  </datafield>
  <datafield tag="245" ind1=" " ind2=" ">
    <subfield code="a">Efectos de un curso dirigido a padres en las pr&#xE1;cticas disciplinarias y estilos de comunicaci&#xF3;n que utilizan con su hijos</subfield>
    <subfield code="c">/ tesis para obtener el t&#xED;tulo de  Licenciado en Psicolog&#xED;a presenta Carlos Antonio Nezahualcoyotl Parra Ram&#xED;rez; asesor Ana Luisa Serna Uribe </subfield>
  </datafield>
  <datafield tag="260" ind1=" " ind2=" ">
    <subfield code="a">M&#xE9;xico</subfield>
    <subfield code="b">: s/ed.</subfield>
    <subfield code="c">, 2014</subfield>
  </datafield>
  <datafield tag="300" ind1=" " ind2=" ">
    <subfield code="a">190 p&#xE1;ginas</subfield>
    <subfield code="e">+ CD </subfield>
  </datafield>
  <datafield tag="519" ind1=" " ind2=" ">
    <subfield code="a"> </subfield>
    <subfield code="d"> </subfield>
  </datafield>
  <datafield tag="700" ind1=" " ind2=" ">
    <subfield code="a">Serna Uribe, Ana Luisa</subfield>
    <subfield code="e">asesor</subfield>
  </datafield>
  <datafield tag="710" ind1=" " ind2=" ">
    <subfield code="a">Universidad Nacional Aut&#xF3;noma de M&#xE9;xico </subfield>
    <subfield code="e">instituci&#xF3;n que otorga el t&#xED;tulo </subfield>
  </datafield>
  <datafield tag="710" ind1=" " ind2=" ">
    <subfield code="a">Universidad Insurgentes </subfield>
    <subfield code="d">Plantel Xola </subfield>
    <subfield code="e">entidad participante </subfield>
  </datafield>
  <datafield tag="942" ind1=" " ind2=" ">
    <subfield code="c">TESIS</subfield>
  </datafield>
</record>
